La cuestión del agua (Registro nro. 442)

Detalles MARC
000 -LEADER
fixed length control field 01464 a2200253 4500
001 - CONTROL NUMBER
control field 5431
005 - DATE AND TIME OF LATEST TRANSACTION
control field 20260407155436.0
008 - FIXED-LENGTH DATA ELEMENTS--GENERAL INFORMATION
fixed length control field 260407a2010 arg spa d
003 - CONTROL NUMBER IDENTIFIER
control field AR-UNSa-BCEJYS
040 ## - CATALOGING SOURCE
Original cataloging agency AR-UNSa-BCEJYS
Language of cataloging spa
Transcribing agency AR-UNSa-BCEJYS
080 ## - UNIVERSAL DECIMAL CLASSIFICATION NUMBER
Universal Decimal Classification number 628.1
Common auxiliary subdivision Abastecimiento de agua. Tratamiento del agua. Consumo del agua
020 ## - INTERNATIONAL STANDARD BOOK NUMBER
International Standard Book Number 978-987-595-130-3
100 1# - MAIN ENTRY--PERSONAL NAME
Personal name Dagnino Pastore, José María
245 10 - TITLE STATEMENT
Title La cuestión del agua
Name of part/section of a work algunas consideraciones sobre el estado de situación de los recursos hìdricos de la Argentina
264 #1 - PRODUCTION, PUBLICATION, DISTRIBUTION, MANUFACTURE, AND COPYRIGHT NOTICE
Place of production, publication, distribution, manufacture La Plata :
Name of producer, publisher, distributor, manufacturer Academias Nacionales de Ingeniería, Ciencias Económicas y Ciencias Exactas, Físicas y Naturales
Date of production, publication, distribution, manufacture, or copyright notice 2010
300 ## - PHYSICAL DESCRIPTION
Extent 127 p.
Dimensions 23 cm.
505 ## - FORMATTED CONTENTS NOTE
Formatted contents note 1. Introducción -- 2. Sostenibilidad del uso de los recursos hídricos: situación general y perspectivas -- 3. Temas emergentes relacionados con el agua -- 4. Situación de los recursos hídricos en Argentina -- 5. Figuras -- 6. Recursos hídricos interjurisdiccionales e internacionales -- 7. Marco jurídico-administrativo del agua en la República Argentina -- 8. Glosario -- 9. Siglas -- 10. Referencias digitales -- 11. Referencias bibliográficas
590 ## - LOCAL NOTE (RLIN)
Local note niveau_biblio:m niveau_hierar:0
700 1# - ADDED ENTRY--PERSONAL NAME
Personal name Sturzenegger, Adolfo
700 1# - ADDED ENTRY--PERSONAL NAME
Personal name Charreau, Eduardo H.
700 1# - ADDED ENTRY--PERSONAL NAME
Personal name Vardé, Oscar
856 41 - ELECTRONIC LOCATION AND ACCESS
Uniform Resource Identifier <a href="https://biblioeco.unsa.edu.ar/pmb/images/libros/La Cuestion del Agua-l118543.jpg">https://biblioeco.unsa.edu.ar/pmb/images/libros/La Cuestion del Agua-l118543.jpg</a>
Link text Imagen de portada
Electronic format type image/jpeg
942 ## - ADDED ENTRY ELEMENTS (KOHA)
Koha item type
Existencias
Withdrawn status Lost status Damaged status Not for loan Home library Current library Shelving location Date acquired Total checkouts Full call number Barcode Date last seen Price effective from Koha item type
        Biblioteca Prof. Eusebio Cleto del Rey Biblioteca Prof. Eusebio Cleto del Rey   07/04/2026   628.1 C965 L118543 07/04/2026 07/04/2026 Libro